000 00332nam a22001337a 4500
008 170403b xxu||||| |||| 00| 0 eng d
020 _a9789280810882
041 _aeng
080 _a574
100 _a9
101 _aSHM
245 _aAGRICULTURAL BIODIVERSITY IN SMALLHOLDER FARMS OF EAST AFRICA
_cKAIHURA, F
942 _2udc
_cBK
999 _c9510
_d9510